| 000 | 00367nam a22001337a 4500 | ||
|---|---|---|---|
| 005 | 20240730125326.0 | ||
| 008 | 240730b |||||||| |||| 00| 0 eng d | ||
| 040 | _cRTC Library | ||
| 082 | _a378.1 | ||
| 245 | _aOCL (Orientation to College learning) -Fall 2024 | ||
| 260 |
_aThimphu : _bRoyal Thimphu College, _c2024. |
||
| 300 |
_a76 p.; _b30 Cm. |
||
| 942 |
_2ddc _cFAC RES |
||
| 999 |
_c9926 _d9927 |
||